000 02342cam a22002174a 4500
005 20250605163949.0
008 250528s ||||||||||||||||||||||||d
035 _a15331
020 _a29462894
040 _aGR-AtMCL
_bgre
_dGR-AtMCL
_eAACR2
245 1 _aPersonnel/ Human Resource Management
260 _bMacmillan Publishing Company,
_c1990
300 _a730
505 0 _aAn Introduction to Personnel/ Human Resource Management, Labour Force Issues: Composition and Trends and Equal Employment Opportunity, Equal Employment Opportunity Laws and Applications, Personnel Planning and Staffing, Job Analysis and Design, Personnel Planning, Recruitment, Employee Selection, Developing and Compensating Employees, Employee Training and Development Chapter Ouline, Performance Appraisal, The Foundations of Compensation Management, Establishing and Administering the Compensation Program, Employee Benefit Programs, Employee Well-Being and Job Security, Defining Employee and Organizational Rights, Employee Health and Safety and Well-Being, Collective Bargaining, Labour Unions and Public Policy, Negotiation and Administration of the Collective Bargaining Agreement, Personnel and Human Resource Management: Organizational Strategy and Ethical Concerns and Future Developments, Index.
520 _aAn Introduction to Personnel/ Human Resource Management, Labour Force Issues: Composition and Trends and Equal Employment Opportunity, Equal Employment Opportunity Laws and Applications, Personnel Planning and Staffing, Job Analysis and Design, Personnel Planning, Recruitment, Employee Selection, Developing and Compensating Employees, Employee Training and Development Chapter Ouline, Performance Appraisal, The Foundations of Compensation Management, Establishing and Administering the Compensation Program, Employee Benefit Programs, Employee Well-Being and Job Security, Defining Employee and Organizational Rights, Employee Health and Safety and Well-Being, Collective Bargaining, Labour Unions and Public Policy, Negotiation and Administration of the Collective Bargaining Agreement, Personnel and Human Resource Management: Organizational Strategy and Ethical Concerns and Future Developments, Index.
700 1 _aCrino D. Michael
_91227
700 1 _aLeap L. Terry
_91228
942 _cBK
999 _c921
_d921